[Event "Bundesliga 1984/85"]
[Site "Germany"]
[Date "1985.04.20"]
[Round "12.4"]
[White "Tischer, Guenter"]
[Black "Muse, Mladen"]
[Result "1/2-1/2"]
[WhiteElo "2335"]
[BlackElo "2375"]
[PlyCount "143"]
[EventDate "1984.10.14"]
[EventType "team-tourn"]
[EventRounds "15"]
[EventCountry "GER"]
[SourceTitle "GER-chT"]
[Source "ChessBase"]
[SourceDate "1999.07.01"]
[SourceVersion "1"]
[SourceVersionDate "1999.07.01"]
[SourceQuality "1"]
[WhiteTeam "Erlangen"]
[BlackTeam "Lasker Steglitz"]
[WhiteTeamCountry "GER"]
[BlackTeamCountry "GER"]

1. Nf3 Nf6 2. g3 d5 3. Bg2 e6 4. d4 Be7 5. c4 0-0 6. Nbd2 c5 7. 0-0 cxd4 8. cxd5 Qxd5 9. Nb3 d3 10. exd3 Nc6 11. d4 Qd8 12. Qe2 Nb4 13. a3 Nbd5 14. Ne5 b6 15. Nc6 Qd7 16. Nxe7+ Qxe7 17. Nd2 a5 18. Re1 Ba6 19. Qe5 Rfd8 20. Ne4 Nxe4 21. Bxe4 Bb7 22. Bd2 Qd7 23. Rac1 Rac8 24. Rxc8 Rxc8 25. Rc1 Rxc1+ 26. Bxc1 Qc8 27. Bd2 Nf6 28. Bxb7 Qxb7 29. Qd6 h6 30. b4 Qf3 31. Be3 Nd5 32. Qc6 axb4 33. axb4 Qd1+ 34. Kg2 Qe2 35. Qc8+ Kh7 36. Qc1 Nxb4 37. d5 Nxd5 38. Qb1+ f5 39. Bxb6 Nc3 40. Qb4 Ne4 41. Be3 Qa2 42. Qb7 Nf6 43. Bd4 Kg6 44. Bxf6 Kxf6 45. Qc8 Qd5+ 46. Kg1 Qd6 47. Qc3+ e5 48. Qc8 f4 49. Qg4 Qd4 50. Qh4+ Kf7 51. Qh5+ Kg8 52. Qf5 Qd6 53. Kg2 g6 54. Qe4 Kg7 55. Kf3 Qd1+ 56. Kg2 Qd6 57. Kf3 g5 58. Qf5 Qd5+ 59. Kg4 Qd1+ 60. Kh3 Qf1+ 61. Kg4 Qd1+ 62. Kh3 Qd4 63. Qe6 e4 64. Qe7+ Kg6 65. Qe6+ Qf6 66. Qe8+ Qf7 67. Qxf7+ Kxf7 68. gxf4 Kf6 69. fxg5+ Kxg5 70. Kg3 Kf5 71. f4 h5 72. h4 1/2-1/2

[Event "Bundesliga 1984/85"]
[Site "Germany"]
[Date "1985.02.09"]
[Round "8.5"]
[White "Schlick, Volker"]
[Black "Tischer, Guenter"]
[Result "1/2-1/2"]
[WhiteElo "2320"]
[BlackElo "2335"]
[PlyCount "81"]
[EventDate "1984.10.14"]
[EventType "team-tourn"]
[EventRounds "15"]
[EventCountry "GER"]
[SourceTitle "GER-chT"]
[Source "ChessBase"]
[SourceDate "1999.07.01"]
[SourceVersion "1"]
[SourceVersionDate "1999.07.01"]
[SourceQuality "1"]
[WhiteTeam "Koblenz"]
[BlackTeam "Erlangen"]
[WhiteTeamCountry "GER"]
[BlackTeamCountry "GER"]

1. e4 e6 2. d4 d5 3. Nc3 Bb4 4. e5 c5 5. a3 Bxc3+ 6. bxc3 Nc6 7. a4 Qa5 8. Bd2 Nge7 9. Nf3 Bd7 10. Bb5 f6 11. 0-0 fxe5 12. c4 Qc7 13. cxd5 exd5 14. dxe5 0-0 15. Bg5 Bg4 16. Bxe7 Nxe7 17. Be2 Rad8 18. Nd2 Bf5 19. f4 d4 20. g4 d3 21. cxd3 Bxd3 22. Rf3 c4 23. Bxd3 Rxd3 24. Rxd3 cxd3 25. Qb3+ Kh8 26. Qb4 Rd8 27. Rf1 Nd5 28. Qe4 Nc3 29. Qe3 Ne2+ 30. Kg2 Rd4 31. Rf3 Qc6 32. Kh3 Qh6+ 33. Kg2 Nxf4+ 34. Kh1 Rxa4 35. Qxd3 Ra1+ 36. Nf1 g5 37. Qd8+ Kg7 38. Qe7+ Kg8 39. Qd8+ Kg7 40. Qe7+ Kg8 41. Qd8+ 1/2-1/2

[Event "Bundesliga 1984/85"]
[Site "Germany"]
[Date "1984.12.15"]
[Round "4.4"]
[White "Tischer, Guenter"]
[Black "Lau, Ralf"]
[Result "1/2-1/2"]
[WhiteElo "2335"]
[BlackElo "2375"]
[PlyCount "48"]
[EventDate "1984.10.14"]
[EventType "team-tourn"]
[EventRounds "15"]
[EventCountry "GER"]
[SourceTitle "GER-chT"]
[Source "ChessBase"]
[SourceDate "1999.07.01"]
[SourceVersion "1"]
[SourceVersionDate "1999.07.01"]
[SourceQuality "1"]
[WhiteTeam "Erlangen"]
[BlackTeam "Solingen"]
[WhiteTeamCountry "GER"]
[BlackTeamCountry "GER"]

1. c4 e6 2. Nf3 Nf6 3. g3 a6 4. Bg2 b5 5. b3 Bb7 6. 0-0 Be7 7. Bb2 c5 8. d3 d6 9. Nbd2 Nbd7 10. e3 0-0 11. Qe2 Rb8 12. Rfd1 Re8 13. Bc3 Qc7 14. Rac1 Bc6 15. d4 Qb7 16. Ne1 Rec8 17. Bxc6 Rxc6 18. dxc5 Nxc5 19. Nef3 Rcc8 20. Bb2 bxc4 21. Rxc4 d5 22. Rc2 Ncd7 23. Rdc1 Rxc2 24. Rxc2 Rc8 1/2-1/2